| 000 | 00412nam a2200157Ia 4500 | ||
|---|---|---|---|
| 008 | 210716s2002 xx 000 0 und d | ||
| 020 | _a8120313674 | ||
| 041 | _aeng | ||
| 082 | _a004.35 CRIJ | ||
| 100 | _aCrichlow, Joel M. | ||
| 245 | _aIntroduction to distributed and parallel computing. | ||
| 250 | _a2 | ||
| 260 |
_aNew Delhi _bPrentice Hall of India PVt Ltd _c2002 |
||
| 300 | _ax,238 | ||
| 650 | _aNone | ||
| 999 |
_c185737 _d185737 |
||